000 01093nam a2200301Ia 4500
003 OSt
005 20221007124140.0
006 a|||||r|||| 00| 0
007 ta
008 221006b |||||||| |||| 00| 0 eng d
020 _a9780470029077 (pbk)
024 _a111614
037 _b1033, 18/06/2010, Ashutosh Technical Books
_cTextbook
040 _aCDL
_cCDL
_beng
041 _2eng
_aeng
082 _aE9G:3, P9 Carc
100 _aGault Victor A
_9718540
245 0 _aUnderstanding bioanalytical chemistry:principles and applications
_b McClenaghan Neville H
260 _aNew
_bJersey Wiley-Blackwell
_c2009
300 _ax, 290p.
_ccm.
500 _aIncludes bibliographical references.; Appendices 1-4, 273-280p.; Index 281-290p.
650 _a Bioanalytical chemsitry
_9718541
650 _a Molecular biology
_9414923
650 _aChemistry
700 _a McClenaghan Neville H
_9718542
942 _hE9G:3, P9 Carc
_cTB
_2CC
999 _c1213081
_d1213081